| 000 | 00698nam a22001935i 4500 | ||
|---|---|---|---|
| 001 | 166466 | ||
| 003 | ES-MaACL | ||
| 005 | 20251213063020.0 | ||
| 008 | 050913s1901 sp | |||||||| ||spa d | ||
| 040 |
_aCAM _bspa _cCAM |
||
| 100 | 1 |
_aTorre-Hermosa, Alberto Cológan y Cológan, _cMarqués de _9133314 |
|
| 245 | 1 | 0 |
_aReforma electoral / _cMarqués de Torre-Hermosa. |
| 260 |
_aMadrid : _b[s.n.], _c1901 ( _fTipografía Moderna de T. Osácar) |
||
| 300 |
_a30 p. ; _c22 cm. |
||
| 500 | _aDatos tomados de la cub. | ||
| 650 | 4 |
_aElecciones. _912139 |
|
| 852 |
_aES-MaACL _jT-977-F-5 _z-- Enc. hol., conservando la cub. original _z-- Enc. en un vol. facticio |
||
| 999 |
_c166466 _d166466 |
||